"Que es bueno y útil invocarles" : continuidad y cambio en las prácticas y devociones religiosas en Guadalajara, 1771-1900 /

Bibliographic Details
Main Author: Aceves, Roberto (Author)
Other Authors: Lafaye, Jacques (contributor agent of text.)
Format: Electronic eBook
Language:Spanish
Published: Zapopan, Jalisco : El Colegio de Jalisco, [2018]
Series:Investigación (Colegio de Jalisco)
Subjects:
Online Access:Digitalia Hispánica

MARC

LEADER 00000nam a2200000Ii 4500
001 DIGCOJAL0012
003 NyNyDIG
006 m o d
007 cr |||||||||||
008 250404s2018 mx a ob 000 0 spa d
035 |a (OCoLC)1513492652 
040 |a DGITA  |b eng  |e rda  |e pn  |c DGITA 
020 |z 9786078657001 
043 |a n-mx--- 
050 1 4 |a BX1431.G8 ebook 
100 1 |a Aceves, Roberto,  |e author. 
245 1 0 |a "Que es bueno y útil invocarles" :  |b continuidad y cambio en las prácticas y devociones religiosas en Guadalajara, 1771-1900 /  |c Roberto Aceves Ávila ; prólogo de Jacques Lafaye. 
246 3 0 |a Continuidad y cambio en las prácticas y devociones religiosas en Guadalajara, 1771-1900 
264 1 |a Zapopan, Jalisco :  |b El Colegio de Jalisco,  |c [2018] 
300 |a 1 online resource :  |b illustrations. 
336 |a text  |b txt  |2 rdacontent 
337 |a computer  |b c  |2 rdamedia 
338 |a online resource  |b cr  |2 rdacarrier 
347 |a text file  |2 rdaft 
347 |b PDF 
490 1 |a Investigación 
504 |a Includes bibliographical references. 
588 0 |a Online resource; title from PDF title page (Digitalia, viewed April 4, 2025) 
610 2 0 |a Catholic Church  |z Mexico  |z Guadalajara  |x Customs and practices  |x History. 
650 0 |a Christian life  |z Mexico  |z Guadalajara  |x History. 
651 0 |a Guadalajara (Mexico)  |x Religious life and customs. 
700 1 |a Lafaye, Jacques,  |e contributor agent of text. 
791 2 |a Digitalia (Firm),  |e distributor. 
793 0 |g Digitalia eBook Collection:  |a El Colegio de Jalisco 
776 0 8 |i Print version:  |a Aceves, Roberto.  |t "Que es bueno y útil invocarles".  |b Primera edición.  |d Zapopan, Jalisco : El Colegio de Jalisco, 2018  |z 9786078657001 
830 0 |a Investigación (Colegio de Jalisco) 
856 4 0 |3 Digitalia Hispánica  |u https://www.digitaliapublishing.com/a/172174/ 
910 |a Premium collection: 2025